000 00492nam a2200193 a 4500
008 960926s1960 m yxo 0 slo c
040 _aSNK
_bslo
_cSNK
_eAACR2
041 1 _aslo
044 _axo
_cSK
100 1 _aBeneš, Eduard
245 1 0 _aZákladná gramatika nemčiny
260 _aBratislava
_bSNP
_c1960
300 _a186 s.
_c
700 1 _aJungwirth, Karel
_4aut
700 1 _aZapletel, Štěpán
_4aut
700 1 _aKonický, František
_4trl
020 _c11,40
958 _aA
999 _c19190
_d19190